Machine learning for decision sciences with case studies in Python (Record no. 116033)

MARC details
000 -LEADER
fixed length control field 00248 a2200097 4500
020 ## - INTERNATIONAL STANDARD BOOK NUMBER
International Standard Book Number 9781041049517
100 ## - MAIN ENTRY--PERSONAL NAME
Personal name S. Sumathi
245 ## - TITLE STATEMENT
Title Machine learning for decision sciences with case studies in Python
260 ## - PUBLICATION, DISTRIBUTION, ETC. (IMPRINT)
Name of publisher, distributor, etc CRC Press
Date of publication, distribution, etc 2025
942 ## - ADDED ENTRY ELEMENTS (KOHA)
Koha item type On order/under processing
Holdings
Withdrawn status Lost status Damaged status Not for loan Home library Current library Date acquired Source of acquisition Cost, normal purchase price Total Checkouts Barcode Date last seen Cost, replacement price Price effective from Koha item type
        University Library University Library 18/03/2026 146 1596.00   00098107 18/03/2026 1995.00 18/03/2026 On order/under processing
University Library, CUSAT